El pescado y las industrias derivadas de la pesca

Saved in:
Bibliografiske detaljer
Main Authors: Burgess, G. H. O (Author), Lovern, J. A (Author), Waterman, J. J (Author)
Format: Bog
Sprog:spansk
Udgivet: Zaragoza Acribia 1978
Fag:
Tags: Tilføj Tag
Ingen Tags, Vær først til at tagge denne postø!

MARC

LEADER 00000nam a2200000 a 4500
001 UCV3656
003 CL-VaPUC
008 900112e19780000SP |||||||||||||||||spa|d
082 0 4 |a 664.94  |b BUR  |2 21 
100 0 |a Burgess, G. H. O  |e author  |9 297930 
700 0 |a Lovern, J. A  |e author  |9 297931 
700 0 |a Waterman, J. J  |e author  |9 297932 
245 1 3 |a El pescado y las industrias derivadas de la pesca 
300 |a 392 p 
942 |c BK 
945 |d 19900112 00:00:00 
260 |a Zaragoza  |b Acribia  |c 1978 
650 7 |a PRODUCTOS PESQUEROS  |2 CL-VaPUC  |9 259452 
650 7 |a PREPARACION  |2 CL-VaPUC  |9 259453 
650 7 |a PROCESAMIENTO DE LOS PRODUCTOS PESQUEROS  |2 CL-VaPUC  |9 259454 
650 7 |a PESCADO COMO ALIMENTO  |2 CL-VaPUC  |9 259401 
583 |a last modification  |c 19900112 00:00:00  |k Rodrigo Vera 
999 |c 210803  |d 210801 
952 |0 0  |1 0  |4 0  |6 664_940000000000000_BUR_1978  |7 0  |8 A  |9 187614  |a BIBALI  |b BIBALI  |c RES  |d 2019-11-14  |i 2552124  |o 664.94 BUR 1978  |p 2552124  |r 2025-01-20  |w 2019-11-14  |y BK_R  |k ALI 
952 |0 0  |1 0  |4 0  |6 664_940000000000000_BUR_1978  |7 0  |8 A  |9 187615  |a BIBALI  |b BIBALI  |c RES  |d 2019-11-14  |i 1963082  |o 664.94 BUR 1978  |p 1963082  |r 2025-01-20  |w 2019-11-14  |y BK_R  |k ALI